banner koha

Vamos cuidar do Brasil com escolas sustentáveis: educando-nos para pensar e agir em tempos de mudanças socioambientais globais (Registro n. 260005)

MARC details
000 -LÍDER
Campo de controle fixo 01055nam a22003137a 4500
001 - NÚMERO DE CONTROLE
Número de controle BR2023002206
003 - CÓDIGO MARC DA AGÊNCIA CATALOGADORA
Campo de controle BR-BrBNA
005 - DATA E HORA DA ÚLTIMA ATUALIZAÇÃO
Campo de controle 20231213151816.0
008 - CAMPO DE TAMANHO FIXO
Campo fixo de controle 231213b bl.||||| |||| 00| 0 por d
040 ## - FONTE DA CATALOGAÇÃO
Agência catalogadora BR-BrBNA
Idioma da catalogação por
041 ## - CÓDIGO DO IDIOMA
Código do Idioma por
072 ## - CATEGORIA AGRIS
Código da categoria de assunto/objeto <a href="C10 ; P01">C10 ; P01</a>
090 ## - NÚMERO DE CHAMADA
Localização na estante C10 BR2023002206
100 ## - ENTRADA PRINCIPAL - NOME PESSOAL
Código de relação Moreira, Tereza
110 1# - ENTRADA PRINCIPAL - ENTIDADE
9 (RLIN) 7411
Nome da entidade ou lugar Ministério da Educação, Brasília, DF (Brasil). Secretaria de Educação Continuada, Alfabetização, Diversidade e Inclusão
110 1# - ENTRADA PRINCIPAL - ENTIDADE
9 (RLIN) 7129
Nome da entidade ou lugar Ministério do Meio Ambiente, Brasília, DF (Brasil)
245 ## - TÍTULO PRINCIPAL
Título principal Vamos cuidar do Brasil com escolas sustentáveis: educando-nos para pensar e agir em tempos de mudanças socioambientais globais
260 ## - IMPRENTA (PUBLICAÇÃO, DISTRIBUIÇÃO, ETC.)
Lugar de publicação, distribuição, etc. Brasília, DF (Brasil)
Data de publicação, distribuição, etc 2012
300 ## - DESCRIÇÃO FÍSICA
Extensão 50 p.
Detalhes físicos adicionais il.
Material adicional 1 dvd
500 ## - NOTA GERAL
Notas gerais 19 ref.; 8 illus.
650 ## - ASSUNTO - THESAGRO
Cabeçalho tópico ou nome geográfico EDUCAÇÃO
650 ## - ASSUNTO - THESAGRO
Cabeçalho tópico ou nome geográfico ESCOLA
650 ## - ASSUNTO - THESAGRO
Cabeçalho tópico ou nome geográfico MEIO AMBIENTE
650 ## - ASSUNTO - THESAGRO
Cabeçalho tópico ou nome geográfico MUDANÇA SOCIAL
650 ## - ASSUNTO - THESAGRO
Cabeçalho tópico ou nome geográfico MUDANÇA CLIMÁTICA
650 ## - ASSUNTO - THESAGRO
Cabeçalho tópico ou nome geográfico DESENVOLVIMENTO SUSTENTÁVEL
909 ## - IDENTIFICAÇÃO DO CATALOGADOR
Ano e mês da catalogação (aaaamm) 202312
Identificação do catalogador Fernando
942 ## - TIPO ESPECÍFICO
Tipo de material Livros
952 ## - LOCATION AND ITEM INFORMATION (KOHA)
-- 2023-12-13
Exemplares
Status de empréstimo Fonte de classificação Status de danificação Não pode ser emprestado Código da coleção Localização permanente Localização atual Localização na estante Total Checkouts Número de chamada Código de barras Tipo de material
  Classificação AGRIS     Agrobase Biblioteca Nacional de Agricultura - Binagri Biblioteca Nacional de Agricultura - Binagri Agrobase - Acervo Geral   C10 BR2023002206 2023-437285 Livros

BINAGRI

Telefone: (61)3218-2567/2388/3357/2097 - binagri@agro.gov.br

Ministério da Agricultura e Pecuária , Esplanada dos Ministérios, Bloco D, Anexo B, Brasília/DF, CEP: 70.043-900